| 000 | 01052nam a22003137a 4500 | ||
|---|---|---|---|
| 003 | CHAP | ||
| 005 | 20220329140646.0 | ||
| 008 | 971013s1979 r 00010 d | ||
| 010 | _a55524 | ||
| 011 | _a56496 | ||
| 035 | _a60649 | ||
| 040 | _cCHAP | ||
| 082 |
_a001.6424 _bY6 |
||
| 100 | 0 | 0 |
_aYourdon, Edward. _9123254 |
| 245 |
_aLearning to program in structured COBOL _b: parts 1 and 2 |
||
| 260 |
_aEnglewood Cliffs, N.J. : _bPrentice-Hall, _c1979 |
||
| 300 | _a478 p. | ||
| 590 |
_aBATCH-UPD _b10 _c20130110 _lUCH01 _h0516 |
||
| 590 |
_aBATCH-UPD _b10 _c20130410 _lUCH01 _h0155 |
||
| 590 |
_aBATCH-UPD _b10 _c20130410 _lUCH01 _h1556 |
||
| 590 |
_aBATCH-UPD _b10 _c20130914 _lUCH01 _h0956 |
||
| 590 |
_aCONVERSION _b10 _c20130109 _lUCH01 _h1330 |
||
| 650 | 1 | 4 |
_aCOBOL (Programación) _924179 |
| 650 | 1 | 4 |
_aLenguajes de programación. _965989 |
| 901 | _aBK | ||
| 942 | _cLIBRO | ||
| 949 |
_a001.6424 Y6 _bBC _cLIBRO _d33724000293080 _eLIBRO _h55218 _i60649 _si _t783.00 |
||
| 949 |
_a001.6424 Y6 _bBC _cLIBRO _d33724000293114 _eLIBRO _fc.2 _h55903 _i60649 _si _t783.00 |
||
| 999 |
_c55524 _d55524 |
||